000 00262nam a22001097a 4500
082 _a808.1 FAN'G
100 _aGLOVER, C. M
_957780
245 _aFAVOURITE POEMS AN ANTHOLOGY FOR YOUNG PEOPLE
260 _aLONDON
_bMACMLLAN
_c1957
300 _a129P
942 _cBK
999 _c568036
_d568036